000 00614nam a22002650a 4500
001 PT49679
003 AR-LpoUNG
005 20210131231314.0
008 191001s2010||||ag |||||||||||||||||spa d
040 _aAR-LpoUNG
_bspa
_cAR-LpoUNG
_eaacr
041 _aspa
044 _aag
082 0 _aA863 249ang
100 1 _aFasolo, Osvaldo
245 1 3 _aEl ángel
250 _a2§ ed.
260 _aBuenos Aires :
_bOsvaldo Fasolo,
_cjulio 2010.
300 _a360 p. :
_bfot.
650 4 _aARGENTINA
650 4 _aLITERATURA
650 4 _aNOVELAS
651 4 _aArgentina
905 _a49679
942 _cLIB
999 _c9244
_d9244